00561cam a2200181 a 450000100100000000500170001000800410002702000150006804000250008308200190010810000330012724500590016026000480021930000200026758600420028765000240032965000260035300000866020200929161359.0970514s1996 ck 000 0 spa  a9586122549 aDO-SdBNPbspacBNPHU aC863.44bM491c1 aMedina Reyes, Efraim,d1964-10aCinema árbol y otros cuentos /cEfraim Medina Reyes. aSantafé de Bogotá :bColcultura,c1996. a87 p. ;c21 cm. a"Premios Nacionales de Cultura 1995". 4aCuentos colombianos 4aLiteratura colombiana